000
00370nam a2200145Ia 4500
008
231129s2001||||xx |||||||||||||| ||spa||
020
_a
84-226-8781-X
040
_b
spa
082
_a
813 S561ó
100
_a
Shreve Anita
245
0
_a
Olympía
260
_c
2001
264
_a
Barcelona España : Planeta
942
_2
ddc
_c
BKS
999
_c
22096
_d
22096